Statistics for F1 Podiums 1994

Click here to take the quiz!

General Stats

  • This quiz has been taken 130 times
  • The average score is 11 of 15

Answer Stats

a% Correct
Michael Schumacher
100%
Damon Hill
99%
Ayrton Senna
96%
Nigel Mansell
93%
Gerhard Berger
89%
Mika Hakkinen
89%
Jean Alesi
85%
David Coulthard
84%
Rubens Barrichello
72%
Martin Brundle
65%
Jos Verstappen
59%
Mark Blundell
57%
Olivier Panis
55%
Nicola Larini
49%
Eric Bernard
32%

Score Distribution

Percentile by Number Answered

Percent of People with Each Score

Your Score History

You have not taken this quiz